[Event "Sao Paulo Carnaval op"]
[Site "Sao Paulo"]
[Date "2018.02.13"]
[Round "7"]
[White "De Borba, Gabriel"]
[Black "Rodrigues, Regis Ramos"]
[Result "1-0"]
[WhiteElo "2019"]
[BlackElo "1946"]
[PlyCount "73"]
[EventDate "2018.02.10"]
[EventType "swiss"]
[EventRounds "7"]
[EventCountry "BRA"]
[SourceTitle "CBM 183 Extra"]
[Source "ChessBase"]
[SourceDate "2018.04.19"]
[SourceVersion "1"]
[SourceVersionDate "2018.04.19"]
[SourceQuality "1"]

1. e4 d6 2. d4 Nf6 3. Nc3 Nbd7 4. Nf3 e5 5. Bc4 Be7 6. 0-0 0-0 7. a4 c6 8. h3 Qc7 9. Re1 a6 10. Be3 b6 11. d5 c5 12. Qd3 Re8 13. Nh4 Nf8 14. Nf5 Ng6 15. Nxe7+ Qxe7 16. Ne2 Nh5 17. Qd2 Bd7 18. Ng3 Nxg3 19. fxg3 b5 20. Be2 Reb8 21. axb5 axb5 22. Ra5 Qd8 23. Rea1 b4 24. Ra6 Kf8 25. c3 bxc3 26. bxc3 Ke7 27. Qa2 Rxa6 28. Qxa6 Rb2 29. Bd1 Qb8 30. Qd3 c4 31. Qf1 Rb1 32. Ra7 Nf8 33. Kh2 Qb2 34. Qf3 f6 35. Qg4 g6 36. Ba4 f5 37. Qh4+ 1-0

[Event "Sao Paulo Carnaval op"]
[Site "Sao Paulo"]
[Date "2018.02.10"]
[Round "1"]
[White "Fontes, Joao Marques"]
[Black "Rodrigues, Regis Ramos"]
[Result "0-1"]
[WhiteElo "1350"]
[BlackElo "1946"]
[PlyCount "88"]
[EventDate "2018.02.10"]
[EventType "swiss"]
[EventRounds "7"]
[EventCountry "BRA"]
[SourceTitle "CBM 183 Extra"]
[Source "ChessBase"]
[SourceDate "2018.04.19"]
[SourceVersion "1"]
[SourceVersionDate "2018.04.19"]
[SourceQuality "1"]

1. e4 d6 2. d4 Nf6 3. Nc3 Nbd7 4. Nf3 e5 5. Bc4 Be7 6. Be3 Ng4 7. Bd2 exd4 8. Nxd4 Nde5 9. Bb3 0-0 10. h3 Nf6 11. a3 c6 12. Be3 Qc7 13. Qd2 b5 14. f4 Ned7 15. 0-0-0 Nc5 16. e5 Nxb3+ 17. Nxb3 dxe5 18. fxe5 Rd8 19. Qf2 Qxe5 20. Rhe1 Rxd1+ 21. Rxd1 Be6 22. Nc5 Nd5 23. Nxd5 Bxd5 24. Nd3 Qf6 25. Nf4 Bc4 26. Qg3 Bd6 27. Qf3 Be5 28. Nd3 Qxf3 29. gxf3 Bf6 30. Nc5 Be2 31. Rd6 Bxf3 32. Bf2 Bg5+ 33. Kb1 Bg2 34. h4 Rd8 35. Rxd8+ Bxd8 36. b4 Bb6 37. Nd3 Bxf2 38. Nxf2 f5 39. Kc1 Kf7 40. Kd2 Kg6 41. Ke3 Kh5 42. Kf4 Be4 43. c3 Kxh4 44. Nxe4 fxe4 0-1

[Event "Florianopolis op 4th"]
[Site "Florianopolis"]
[Date "2018.01.24"]
[Round "8"]
[White "Rodrigues, Regis Ramos"]
[Black "Schena, Arthur"]
[Result "0-1"]
[WhiteElo "1946"]
[BlackElo "1729"]
[PlyCount "74"]
[EventDate "2018.01.19"]
[EventType "swiss"]
[EventRounds "10"]
[EventCountry "BRA"]
[SourceTitle "EXT 2019"]
[Source "ChessBase"]
[SourceDate "2018.10.10"]
[SourceVersion "1"]
[SourceVersionDate "2018.10.10"]
[SourceQuality "1"]

1. d4 Nf6 2. c4 g6 3. Nc3 Bg7 4. e4 d6 5. Be2 0-0 6. Nf3 e5 7. 0-0 Nc6 8. d5 Ne7 9. Ne1 Ne8 10. Be3 f5 11. f3 f4 12. Bf2 g5 13. c5 h5 14. h4 Ng6 15. hxg5 Qxg5 16. Kh2 h4 17. Rh1 Kf7 18. cxd6 cxd6 19. Kg1 Rh8 20. Bb5 Nf6 21. Kf1 Nh5 22. Qc1 a6 23. Ba4 b5 24. Bd1 Bd7 25. b4 Rac8 26. Qd2 Qf6 27. Ne2 Ng3+ 28. Bxg3 fxg3 29. a4 Nf4 30. Nd3 h3 31. Nexf4 exf4 32. Ra3 hxg2+ 33. Kxg2 Rxh1 34. Kxh1 Rh8+ 35. Kg1 Qd4+ 36. Kf1 Rh1+ 37. Ke2 Rh2+ 0-1

[Event "Aldeia de Barueri op"]
[Site "Aldeia de Barueri"]
[Date "2017.08.06"]
[Round "5"]
[White "Itagyba, Renan Fortes"]
[Black "Rodrigues, Regis Ramos"]
[Result "0-1"]
[WhiteElo "1724"]
[BlackElo "1916"]
[PlyCount "70"]
[EventDate "2017.08.04"]
[EventType "swiss"]
[EventRounds "6"]
[EventCountry "BRA"]
[SourceTitle "CBM 180 Extra"]
[Source "ChessBase"]
[SourceDate "2017.10.06"]
[SourceVersion "1"]
[SourceVersionDate "2017.10.06"]
[SourceQuality "1"]

1. c4 Nf6 2. Nc3 g6 3. g3 c6 4. Bg2 d5 5. cxd5 cxd5 6. d4 Bg7 7. Nf3 0-0 8. 0-0 Nc6 9. Rb1 Bf5 10. Ra1 Qb6 11. e3 Rac8 12. a3 Na5 13. Nd2 e6 14. Re1 Bd3 15. Na4 Qc6 16. Nc5 Bf5 17. e4 dxe4 18. Ndxe4 Nxe4 19. Bxe4 Bxe4 20. Nxe4 Rfd8 21. Bg5 Rxd4 22. Qf3 f5 23. Rac1 Rxe4 24. Rxe4 Qxc1+ 25. Bxc1 Rxc1+ 26. Kg2 fxe4 27. Qxe4 Rc6 28. Qh4 b6 29. Qe7 Bf8 30. Qe8 Rd6 31. Qb8 Nc4 32. Qxa7 Nxb2 33. h4 Nc4 34. Qa6 Na5 35. Qb5 Rc6 0-1

[Event "Aldeia de Barueri op"]
[Site "Aldeia de Barueri"]
[Date "2017.08.04"]
[Round "2"]
[White "Rodrigues, Regis Ramos"]
[Black "Rodrigues, Leonardo De Miranda"]
[Result "1/2-1/2"]
[WhiteElo "1916"]
[BlackElo "2161"]
[PlyCount "50"]
[EventDate "2017.08.04"]
[EventType "swiss"]
[EventRounds "6"]
[EventCountry "BRA"]
[SourceTitle "CBM 180 Extra"]
[Source "ChessBase"]
[SourceDate "2017.10.06"]
[SourceVersion "1"]
[SourceVersionDate "2017.10.06"]
[SourceQuality "1"]

1. d4 d6 2. Nf3 Nf6 3. g3 g6 4. Bg2 Bg7 5. 0-0 0-0 6. b3 c5 7. Bb2 cxd4 8. Nxd4 Nbd7 9. Nd2 Nc5 10. Nc4 Qc7 11. Nb5 Qd8 12. a4 Bd7 13. Nc3 Rc8 14. e4 Nxa4 15. Nxa4 b5 16. Ne3 bxa4 17. bxa4 Bc6 18. Nd5 Bxd5 19. exd5 Qc7 20. Bd4 Nd7 21. Bxg7 Kxg7 22. Qd4+ Kg8 23. Bh3 Ne5 24. f4 Nd7 25. Rfe1 Rfe8 1/2-1/2

[Event "Florianopolis op 3rd"]
[Site "Florianopolis"]
[Date "2017.01.20"]
[Round "1"]
[White "Rodrigues, Regis Ramos"]
[Black "Rodrigues, Julliano de Araujo"]
[Result "1-0"]
[WhiteElo "1950"]
[BlackElo "1825"]
[PlyCount "25"]
[EventDate "2017.01.20"]
[EventType "swiss"]
[EventRounds "10"]
[EventCountry "BRA"]
[SourceTitle "CBM 176 Extra"]
[Source "ChessBase"]
[SourceDate "2017.03.02"]
[SourceVersion "1"]
[SourceVersionDate "2017.03.02"]
[SourceQuality "1"]

1. d4 Nf6 2. c4 g6 3. Nc3 d5 4. Nf3 Bg7 5. Bf4 0-0 6. e3 c5 7. Rc1 Qa5 8. Qb3 cxd4 9. exd4 dxc4 10. Bxc4 a6 11. 0-0 b5 12. Bd5 Nxd5 13. Qxd5 1-0

[Event "Florianopolis op 2nd"]
[Site "Florianopolis"]
[Date "2016.01.17"]
[Round "3"]
[White "Rodrigues, Regis Ramos"]
[Black "Durante, Taina Seidel"]
[Result "1-0"]
[WhiteElo "1976"]
[BlackElo "1727"]
[PlyCount "69"]
[EventDate "2016.01.16"]
[EventType "swiss"]
[EventRounds "10"]
[EventCountry "BRA"]
[SourceTitle "CBM 170 Extra"]
[Source "ChessBase"]
[SourceDate "2016.02.25"]
[SourceVersion "1"]
[SourceVersionDate "2016.02.25"]
[SourceQuality "1"]

1. d4 d5 2. c4 e6 3. Nc3 c6 4. Nf3 Nf6 5. Bg5 Be7 6. e3 0-0 7. a3 Ne4 8. Bf4 Nd7 9. Qc2 f5 10. h4 Ndf6 11. Nxe4 fxe4 12. Ng5 Nh5 13. Be5 Bxg5 14. hxg5 Qxg5 15. 0-0-0 Nf6 16. Bf4 Qg6 17. Bd6 Rf7 18. f3 b5 19. c5 a5 20. g4 exf3 21. Bd3 Ne4 22. Rh2 Ba6 23. Rdh1 h6 24. Bf4 Qxg4 25. Bxe4 dxe4 26. Qxe4 Rc8 27. b4 axb4 28. axb4 Ra8 29. Rxh6 gxh6 30. Rxh6 Qg1+ 31. Kb2 Qg2+ 32. Kb3 Qg4 33. Rg6+ Qxg6 34. Qxg6+ Kf8 35. Bd6+ 1-0

[Event "Sao Paulo Cordioli Memorial"]
[Site "Sao Paulo"]
[Date "2015.09.06"]
[Round "4"]
[White "Lima, Aine Carolina"]
[Black "Rodrigues, Regis Ramos"]
[Result "0-1"]
[WhiteElo "1594"]
[BlackElo "2013"]
[PlyCount "82"]
[EventDate "2015.09.05"]
[EventType "swiss"]
[EventRounds "6"]
[EventCountry "BRA"]
[SourceTitle "EXT 2016"]
[Source "ChessBase"]
[SourceDate "2015.10.08"]
[SourceVersion "1"]
[SourceVersionDate "2015.10.08"]
[SourceQuality "1"]

1. e4 d6 2. d4 Nf6 3. Nc3 e5 4. dxe5 dxe5 5. Qxd8+ Kxd8 6. f4 exf4 7. Bxf4 Be6 8. 0-0-0+ Nbd7 9. Bd3 Bb4 10. a3 Ba5 11. h3 Ke7 12. Nb5 Rac8 13. Nd4 Nc5 14. Bg5 h6 15. Bxf6+ Kxf6 16. g4 g6 17. Nxe6 Nxe6 18. Bc4 Rhe8 19. Nf3 Rcd8 20. e5+ Kg7 21. Bxe6 Rxd1+ 22. Rxd1 Rxe6 23. h4 Bb6 24. h5 Be3+ 25. Kb1 Bf4 26. hxg6 Kxg6 27. Re1 Bg3 28. Re4 f6 29. Rc4 fxe5 30. Rxc7 e4 31. Nd4 Rd6 32. c3 Rxd4 33. cxd4 Bxc7 34. Kc2 Kg5 35. Kd2 Kxg4 36. Ke3 Kf5 37. b4 Bb6 38. a4 a6 39. b5 a5 40. Ke2 Bxd4 41. Kf1 Kf4 0-1

[Event "Sao Paulo Cordioli Memorial"]
[Site "Sao Paulo"]
[Date "2015.09.05"]
[Round "1"]
[White "Rodrigues, Regis Ramos"]
[Black "Hoshino, Meilin"]
[Result "1-0"]
[WhiteElo "2013"]
[BlackElo "1320"]
[PlyCount "71"]
[EventDate "2015.09.05"]
[EventType "swiss"]
[EventRounds "6"]
[EventCountry "BRA"]
[SourceTitle "EXT 2016"]
[Source "ChessBase"]
[SourceDate "2015.10.08"]
[SourceVersion "1"]
[SourceVersionDate "2015.10.08"]
[SourceQuality "1"]

1. d4 Nf6 2. c4 c5 3. d5 e6 4. Nc3 exd5 5. cxd5 d6 6. g3 g6 7. Bg2 Bg7 8. Nf3 0-0 9. 0-0 Re8 10. Nd2 Na6 11. Nc4 Nc7 12. Bf4 Bf8 13. a4 b6 14. Qd2 Rb8 15. Bg5 Ba6 16. b3 Bxc4 17. bxc4 Bg7 18. Qf4 Re5 19. Ne4 Nce8 20. Ra3 Rf5 21. Qc1 Qc7 22. Bf4 Rd8 23. Qc2 a6 24. Rb1 h6 25. h4 Ng4 26. Bh3 h5 27. f3 Bd4+ 28. e3 Bxe3+ 29. Bxe3 Rxf3 30. Bc1 Rf5 31. Qe2 Qe7 32. Bg5 Qe5 33. Bxg4 hxg4 34. Bxd8 Qd4+ 35. Kg2 Re5 36. Re3 1-0

[Event "Sao Paulo op-B 2nd"]
[Site "Sao Paulo"]
[Date "2015.02.07"]
[Round "4"]
[White "Rodrigues, Regis Ramos"]
[Black "Poeta, Caio Medeiros"]
[Result "0-1"]
[WhiteElo "2028"]
[BlackElo "1967"]
[PlyCount "76"]
[EventDate "2015.02.05"]
[EventType "swiss"]
[EventRounds "6"]
[EventCountry "BRA"]
[SourceTitle "CBM 164 Extra"]
[Source "ChessBase"]
[SourceDate "2015.03.02"]
[SourceVersion "1"]
[SourceVersionDate "2015.03.02"]
[SourceQuality "1"]

1. d4 Nf6 2. g3 g6 3. Nf3 Bg7 4. Bg2 d6 5. c4 Nbd7 6. Nc3 0-0 7. e4 e5 8. dxe5 dxe5 9. 0-0 c6 10. Qc2 Qe7 11. a4 a5 12. Rd1 Nc5 13. h3 Ne8 14. Be3 Nc7 15. Nd2 N7e6 16. Nb3 Nxb3 17. Qxb3 f5 18. exf5 gxf5 19. Nd5 cxd5 20. cxd5 Nd8 21. d6+ Qf7 22. Bd5 Be6 23. Bc5 Bxd5 24. Rxd5 Ne6 25. Bb6 Qd7 26. Rc1 Kh8 27. Bxa5 Rfc8 28. Bc7 Nd4 29. Qd1 Rxa4 30. Kg2 Ra6 31. f4 Nc6 32. Qd2 exf4 33. b4 Ra3 34. Qxf4 Rxc7 35. b5 Ra2+ 36. Kh1 Qe6 37. Rxf5 Rc8 38. Qg4 Nd4 0-1

[Event "Bairro op"]
[Site "Bairro Buritizal"]
[Date "2014.04.13"]
[Round "6"]
[White "Nascimento, Jose Eduardo Campos"]
[Black "Rodrigues, Regis Ramos"]
[Result "0-1"]
[WhiteElo "1858"]
[BlackElo "2045"]
[PlyCount "108"]
[EventDate "2014.04.11"]
[EventType "swiss"]
[EventRounds "6"]
[EventCountry "BRA"]
[SourceTitle "CBM 160 Extra"]
[Source "ChessBase"]
[SourceDate "2014.07.01"]
[SourceVersion "1"]
[SourceVersionDate "2014.07.01"]
[SourceQuality "1"]

1. d4 Nf6 2. c4 g6 3. Nc3 d5 4. Nf3 Bg7 5. Bf4 c6 6. e3 0-0 7. Qb3 e6 8. Rc1 Qb6 9. Qa3 a5 10. Bd6 Re8 11. Na4 Qd8 12. c5 Nbd7 13. Bf4 Bf8 14. Qb3 Nh5 15. Bg3 Nxg3 16. hxg3 e5 17. Be2 Bg7 18. dxe5 Nxe5 19. Nb6 a4 20. Qb4 Ra7 21. Kf1 Be6 22. Rd1 Qe7 23. Nxa4 Nd7 24. Nd4 Qf6 25. Bf3 Bf8 26. b3 b5 27. Nxc6 bxa4 28. Nxa7 Bxc5 29. Qb7 Rb8 30. Qa6 axb3 31. axb3 Rxb3 32. Rh4 Qc3 33. Kg1 Rb2 34. Nc6 Qc2 35. Qf1 Bxe3 36. Ne7+ Kf8 37. Nxg6+ hxg6 38. fxe3 Ne5 39. Rf4 Kg7 40. Rfd4 Nc4 41. Qe1 g5 42. Rc1 Qa4 43. Qc3 Rb3 44. Qc2 Qb5 45. Rd3 Rb2 46. Qc3+ f6 47. Rc2 Rb1+ 48. Kh2 Ne5 49. Be2 Nxd3 50. Bxd3 Qe8 51. Qc7+ Bf7 52. Qc8 Qxe3 53. Qf5 Qg1+ 54. Kh3 Qh1+ 0-1

[Event "Batatais op 3rd"]
[Site "Batatais"]
[Date "2013.12.20"]
[Round "2"]
[White "Rodrigues, Regis Ramos"]
[Black "Berbel, Eduardo Costa"]
[Result "1-0"]
[WhiteElo "2052"]
[BlackElo "1855"]
[PlyCount "67"]
[EventDate "2013.12.20"]
[EventType "swiss"]
[EventRounds "6"]
[EventCountry "BRA"]
[SourceTitle "CBM 158 Extra"]
[Source "ChessBase"]
[SourceDate "2014.02.28"]
[SourceVersion "1"]
[SourceVersionDate "2014.02.28"]
[SourceQuality "1"]

1. d4 Nf6 2. c4 c5 3. d5 b5 4. cxb5 a6 5. bxa6 Bxa6 6. Nc3 g6 7. g3 d6 8. Bg2 Bg7 9. Nf3 0-0 10. 0-0 Nbd7 11. Rb1 Nb6 12. b3 c4 13. b4 Bb7 14. Nh4 Qd7 15. b5 Ng4 16. Qc2 e6 17. h3 Nf6 18. dxe6 fxe6 19. Rd1 Bxg2 20. Nxg2 Nfd5 21. Ne4 Na4 22. Nf4 Nxf4 23. Rxd6 Nxh3+ 24. Kg2 Qf7 25. Kxh3 Be5 26. Ra6 Rxa6 27. bxa6 h5 28. Ng5 Qf6 29. f4 Nc3 30. Rb6 Re8 31. a7 Nd5 32. Rxe6 Rxe6 33. a8Q+ Kg7 34. Qxd5 1-0